Kraje europejskie pod względem gęstości zaludnienia - Statystyki

Ogólne statystyki
  • Ten quiz został rozwiązany 83 razy
  • Średni wynik to 11 z 45
Statystyki odpowiedzi
Pozycja Państwo Gęstość zaludnienia (os./km2) % Poprawnych
1 Monako 19196
95%
2 Malta 1230
69%
3 Watykan 1194
64%
8 Niemcy 230
51%
4 Holandia 464
49%
18 Polska 123
46%
7 Wielka Brytania 232
46%
5 San Marino 435
44%
6 Belgia 333
41%
44 Rosja 9
41%
45 Islandia 3
38%
11 Szwajcaria 179
38%
10 Włochy 190
38%
42 Finlandia 15
36%
9 Liechtenstein 214
36%
43 Norwegia 14
36%
41 Szwecja 20
33%
38 Białoruś 49
28%
40 Estonia 31
28%
39 Łotwa 37
26%
15 Czechy 130
23%
13 Andora 168
21%
37 Czarnogóra 49
21%
20 Francja 110
21%
35 Litwa 56
18%
14 Luksemburg 167
18%
17 Dania 123
15%
32 Hiszpania 78
15%
21 Węgry 108
15%
34 Bułgaria 74
10%
12 Kosowo 176
10%
22 Portugalia 107
10%
28 Ukraina 84
10%
26 Austria 98
8%
33 Bośnia i Hercegowina 78
8%
27 Rumunia 94
8%
19 Słowacja 110
8%
25 Słowenia 98
8%
16 Mołdawia 129
5%
23 Albania 107
3%
31 Chorwacja 79
3%
36 Irlandia 53
3%
24 Serbia 106
3%
29 Grecja 81
0%
30 Macedonia Północna 79
0%
Nie znaleziono quizów pasujących do podanych kryteriów
Rozkład punktacji
Procent ludzi z każdym wynikiem
Percentyl według liczby udzielonych odpowiedzi
Twoja historia wyników
Nie rozwiązałeś tego quizu